Política financiera

Uloženo v:
Podrobná bibliografie
Korporativní autor: Central de Trabajadores Costarricenses
Médium: Text
Vydáno: San José :
Tagy: Přidat tag
Žádné tagy, Buďte první, kdo vytvoří štítek k tomuto záznamu!

MARC

LEADER 00000 a a2200000 04500
001 15802
003
040
090 |a 015900  
110 |a Central de Trabajadores Costarricenses  
245 |a Política financiera  
260 |a San José :  
300 |a 6 p.  
999 |c 11744  |d 11744